LABOUR & INDUSTRIAL LAW MANNUAL (Record no. 749984)

MARC details
000 -LEADER
fixed length control field 00363nam a2200145Ia 4500
008 - FIXED-LENGTH DATA ELEMENTS--GENERAL INFORMATION
fixed length control field 230724s2017 xx 000 0 und d
041 ## - LANGUAGE CODE
Language code of text/sound track or separate title eng
082 ## - DEWEY DECIMAL CLASSIFICATION NUMBER
Classification number 343.07/MAL
100 ## - MAIN ENTRY--PERSONAL NAME
Personal name Mallick M R
245 ## - TITLE STATEMENT
Title LABOUR & INDUSTRIAL LAW MANNUAL
250 ## - EDITION STATEMENT
Edition statement 2017 Ed
260 ## - PUBLICATION, DISTRIBUTION, ETC.
Place of publication, distribution, etc. New Delhi
Name of publisher, distributor, etc. Professional Book Pub.
Date of publication, distribution, etc. 2017
300 ## - PHYSICAL DESCRIPTION
Extent 1229p.
650 ## - SUBJECT ADDED ENTRY--TOPICAL TERM
Topical term or geographic name entry element LABOUR LAW

No items available.